<?xml version="1.0" encoding="UTF-8"?>
<record
    xmlns:xsi="http://www.w3.org/2001/XMLSchema-instance"
    xsi:schemaLocation="http://www.loc.gov/MARC21/slim http://www.loc.gov/standards/marcxml/schema/MARC21slim.xsd"
    xmlns="http://www.loc.gov/MARC21/slim">

  <leader>01345naa a2200229 i 4500</leader>
  <controlfield tag="001">BPP</controlfield>
  <controlfield tag="003">BPK</controlfield>
  <controlfield tag="005">20160108121753.0</controlfield>
  <controlfield tag="008">141101s1981    pl     f     |100 0 pol</controlfield>
  <datafield tag="040" ind1=" " ind2=" ">
    <subfield code="c">BPK</subfield>
  </datafield>
  <datafield tag="100" ind1=" " ind2=" ">
    <subfield code="a">KUKIE&#x141;KA, Leon.</subfield>
    <subfield code="d">1974 - 1996.</subfield>
    <subfield code="b">Wy&#x17C;sza Szko&#x142;a In&#x17C;ynierska w Koszalinie - Instytut Konstrukcji i Eksploatacji Maszyn,</subfield>
    <subfield code="c">Zak&#x142;ad Maszyn i Urz&#x105;dze&#x144; Rolniczych</subfield>
  </datafield>
  <datafield tag="245" ind1=" " ind2=" ">
    <subfield code="a">Mo&#x17C;liwo&#x15B;ci sterowania w&#x142;asno&#x15B;ciami warstwy wierzchniej poprzez zmian&#x119; warto&#x15B;ci parametr&#xF3;w technologicznych nagniatania tocznego z pr&#x105;dem /</subfield>
    <subfield code="c">Leon Kukie&#x142;ka, Kazimierz Wieczorowski.</subfield>
  </datafield>
  <datafield tag="260" ind1=" " ind2=" ">
    <subfield code="c">1981.</subfield>
  </datafield>
  <datafield tag="500" ind1=" " ind2=" ">
    <subfield code="a">Dane z kartoteki bpp.</subfield>
  </datafield>
  <datafield tag="650" ind1=" " ind2="0">
    <subfield code="a">Napr&#x119;&#x17C;enia i odkszta&#x142;cenia.</subfield>
  </datafield>
  <datafield tag="650" ind1=" " ind2="0">
    <subfield code="a">Struktura geometryczna powierzchni.</subfield>
  </datafield>
  <datafield tag="655" ind1=" " ind2="0">
    <subfield code="a">Materia&#x142;y konferencyjne.</subfield>
  </datafield>
  <datafield tag="700" ind1=" " ind2=" ">
    <subfield code="a">WIECZOROWSKI, Kazimierz - doktorant.</subfield>
    <subfield code="b">Wy&#x17C;sza Szko&#x142;a In&#x17C;ynierska - Instytut Konstrukcji i Eksploatacji Maszyn,</subfield>
    <subfield code="c">Zak&#x142;ad Maszyn i Urz&#x105;dze&#x144; Rolniczych</subfield>
  </datafield>
  <datafield tag="711" ind1=" " ind2=" ">
    <subfield code="a">Og&#xF3;lnopolska Konferencja Naukowo-Techniczna nt. Wp&#x142;yw technologii na stan warstwy wierzchniej </subfield>
    <subfield code="n">(4 ;</subfield>
    <subfield code="d">1981.10.23-26 ;</subfield>
    <subfield code="c">Gorz&#xF3;w Wlkp.-Lubniewice, Polska).</subfield>
  </datafield>
  <datafield tag="773" ind1=" " ind2=" ">
    <subfield code="i">W :</subfield>
    <subfield code="t">Wp&#x142;yw technologii na stan warstwy wierzchniej : Materia&#x142;y IV Og&#xF3;lnopolskiej Konferencji Naukowo-Technicznej. -</subfield>
    <subfield code="d">Gorz&#xF3;w Wlkp. : OBiK TWWP, 1981. -</subfield>
    <subfield code="g">s. 361-378</subfield>
  </datafield>
  <datafield tag="942" ind1=" " ind2=" ">
    <subfield code="c">ART</subfield>
    <subfield code="2">UKD</subfield>
  </datafield>
  <datafield tag="999" ind1=" " ind2=" ">
    <subfield code="c">451</subfield>
    <subfield code="d">451</subfield>
  </datafield>
</record>
